00734nam a22002057a 450000500170000001000150001702000270003203500140005903700130007308200120008624500900009826000450018827000630023330000200029650000230031670000170033994200260035699900190038295201270040120180419164330.0 aENG-122647 c1495.00a9780199478774 aEN-106179 bDBAD/PUB a400.954 aA multilingual nation translation and language dynamic in india /ced.by Rita Kothari c2018aNew DelhibOxford University Press a2/1 Ground Floor,Ansari Road Daryaganj,bNew Delhie110002 c22cm(Hb)a365P. aIt includes index  aKothari,Rita cEN2ddcmAMLh954.085 c151583d151583 001040718NFICaDBADbZLSd2018-04-19eDBAD/PUBg1495.00l0o954.085 AMLpEN-106179r2018-04-19 00:00:00t1v1495.00yEN